[Event "Bosnjaci op 13th"]
[Site "Bosnjaci"]
[Date "2008.01.05"]
[Round "3"]
[White "Radovic, Sinisa"]
[Black "Djermic, Ivan"]
[Result "0-1"]
[WhiteElo "1897"]
[BlackElo "2067"]
[PlyCount "53"]
[EventDate "2008.01.03"]
[EventType "swiss"]
[EventRounds "9"]
[EventCountry "CRO"]
[SourceTitle "CBM 122 Extra"]
[Source "ChessBase"]
[SourceDate "2008.03.04"]
[SourceVersion "1"]
[SourceVersionDate "2008.03.04"]
[SourceQuality "1"]

1. e4 e5 2. Nf3 d6 3. Be2 Be7 4. 0-0 Nf6 5. Nc3 a6 6. h3 b5 7. a3 Bb7 8. d3 0-0 9. Be3 Nbd7 10. Nd2 c6 11. f4 d5 12. exd5 cxd5 13. fxe5 Nxe5 14. d4 Ng6 15. Bd3 Bd6 16. Nf3 Ne4 17. Ne2 Rc8 18. c3 Bb8 19. Nd2 Qe7 20. Bxe4 dxe4 21. Nf4 f5 22. Qe2 Rce8 23. a4 bxa4 24. Rxa4 Nh4 25. c4 g5 26. Nh5 f4 27. Bf2 0-1